000 00659nam a2200265Ia 4500
005 20260121165953.0
008 008 260114s9999 xx 000 0 eng d
020 _a9789463005036
037 _aEBOOK
040 _aCRL
040 _beng
040 _cCRL
041 _2eng
041 _aeng
084 _qCRL
100 _aDon Ambrose, Robert J. Sternberg
_91058234
245 0 _aGiftedness and Talent in the 21st Century
260 _bSpringer
260 _bSpringer
260 _c2016
856 _uhttps://link.springer.com/openurl?genre=book&isbn=978-94-6300-503-6
942 _cEBOOK
999 _c1623963
_d1623963